书目信息 |
| 题名: |
知识经济与区域经济
|
|
| 作者: | 张敦富 , 张敦富 著 | |
| 分册: | ||
| 出版信息: | 北京 中国轻工业出版社 2000.08 |
|
| 页数: | 276页 | |
| 开本: | 20cm | |
| 丛书名: | 区域经济系列丛书 | |
| 单 册: | ||
| 中图分类: | F061.5 | |
| 科图分类: | ||
| 主题词: | 知识经济--关系--地区经济--研究 | |
| 电子资源: | ||
| ISBN: | 7-5019-2900-9 | |
| 000 | 00900nam 22002657 4500 | |
| 001 | 192004003316 | |
| 005 | 20070905141559.57 | |
| 010 | @a7-5019-2900-9@dCNY20.00 | |
| 100 | @a20070602d2000 ekmy0chiy0121 ea | |
| 101 | 0 | @achi |
| 102 | @aCN@b110000 | |
| 105 | @ak a 000yy | |
| 200 | 1 | @a知识经济与区域经济@Azhi shi jing ji yu ou yu jing ji@f张敦富等著@Fzhang dun fu deng zhu |
| 210 | @a北京@c中国轻工业出版社@d2000.08 | |
| 215 | @a276页@d20cm | |
| 225 | 2 | @a区域经济系列丛书@Aqu yu jing ji xi lie cong shu |
| 320 | @a有书目 (第276页) | |
| 330 | @a本书是对知识经济与区域经济关系的一个初探,力求从理论和初评两个方面研究一些新的问题,探索一些新的规律。 | |
| 410 | 0 | @12001 @a区域经济系列丛书 |
| 606 | 0 | @a知识经济@x关系@x地区经济@x研究 |
| 690 | @aF061.5@v4 | |
| 701 | 0 | @a张敦富@Azhang dun fu@4著 |
| 701 | 0 | @a张敦富@Azhang dun fu@4著 |
| 801 | 0 | @aCN@c20070905 |
| 905 | @dF061.5@eZ091 | |
| 知识经济与区域经济/张敦富等著.-北京:中国轻工业出版社,2000.08 |
| 276页;20cm.-(区域经济系列丛书) |
| ISBN 7-5019-2900-9:CNY20.00 |
| 本书是对知识经济与区域经济关系的一个初探,力求从理论和初评两个方面研究一些新的问题,探索一些新的规律。 |
| ● |
| 相关链接 |
|
|
|
正题名:知识经济与区域经济
索取号:F061.5/Z091
 
预约/预借
| 序号 | 登录号 | 条形码 | 馆藏地/架位号 | 状态 | 备注 |
| 1 | 617586 | 206175869 | 社科库409/409社科库 64排2列5层/ [索取号:F061.5/Z091] | 在馆 | |
| 2 | 617587 | 206175878 | 社科库409/409社科库 64排2列5层/ [索取号:F061.5/Z091] | 在馆 | |
| 3 | 617588 | 206175887 | 社科库409/409社科库 64排2列5层/ [索取号:F061.5/Z091] | 在馆 |